000 00233nam a2200085Ia 4500
008 170620s9999 xx 000 0 und d
100 _aKumar- Anil (Hindi)
245 0 _aShiksha Manovigyan (Hindi)
260 _bNew Delhi- Discovery Publishing House
260 _c2004
999 _c24536
_d24536